| 000 | 00620nam a2200217 i 4500 | ||
|---|---|---|---|
| 001 | bgj | ||
| 245 | 1 | 0 |
_aSłownik idiomów angielskich / _cJacek Fisiak, red. |
| 260 |
_aWarszawa : _bPolska Oficyna Wydawnicza "BGW", _c1993. |
||
| 300 |
_aXV, [2], 379 pp ; _c24 cm. |
||
| 504 | _aBibliography p. XIII-XIV. | ||
| 505 | _aIncludes index. | ||
| 650 | 9 |
_aEnglish langauage _xPhraseology |
|
| 655 | _aDictionaries | ||
| 700 | 1 |
_aFISIAK, Jacek _d(1936- ). _ered. |
|
| 020 | _a8370664938 | ||
| 040 | _cBPK | ||
| 041 | 0 |
_apol _aeng |
|
| 920 | _a83-7066-493-8 | ||
| 942 | _cKS | ||
| 008 | s pl f |000 0 pol | ||
| 999 |
_c47432 _d47432 |
||
| 856 |
_uhttp://koha.tu.koszalin.pl/cgi-bin/koha/opac-detail.pl?biblionumber=47432 _yKatalog online BPK |
||